[Event "Amateur OPEN Championship "]
[Site "Pool "]
[Date "2022.01.18"]
[Round "2.9"]
[White "Dimitrov, Dejan"]
[Black "Momcilovic, Mihailo"]
[Result "1/2-1/2"]
[WhiteElo "2081"]
[BlackElo "1816"]
[Annotator "Balkanchess"]
[PlyCount "235"]
[EventDate "2022.01.17"]

1. d3 d5 2. Nf3 Nf6 3. c4 dxc4 4. Qa4+ Bd7 5. Qxc4 e6 6. g3 c5 7. Bg2 Bc6 8.
O-O Nbd7 9. Nbd2 Be7 10. b3 Nd5 11. Bb2 Bf6 12. Bxf6 N5xf6 13. b4 cxb4 14. Qxb4
Qe7 15. Rfb1 Qxb4 16. Rxb4 O-O 17. Nc4 b6 18. Nd6 Ne8 19. Nb5 Bxb5 20. Rxb5 Rc8
21. Nd4 Nd6 22. Rb4 Rc7 23. f4 Rfc8 24. Kf2 h6 25. a4 Nf6 26. Bf3 Nd7 27. a5
Kf8 28. axb6 axb6 29. Ra6 Ke7 30. h4 Kf8 31. g4 Ke7 32. Ra1 Rc5 33. Ra7 R5c7
34. Rxc7 Rxc7 35. Nc6+ Kf8 36. Ra4 b5 37. Ra8+ Rc8 38. Ra7 Nb8 39. Nd4 Ke8 40.
Ra5 Rc5 41. e4 Nc6 42. Ra8+ Ke7 43. Nxc6+ Rxc6 44. e5 Rc2+ 45. Ke3 Ne8 46. Rb8
Nc7 47. Rb7 Kd8 48. Rb6 Ke7 49. f5 Rc5 50. Kd4 Rc1 51. Be4 Rc2 52. g5 hxg5 53.
hxg5 exf5 54. Bxf5 g6 55. Bg4 {...115} Kd8 56. Ke4 Rg2 57. Kf3 Rd2 58. Ke3 Rg2
59. Bf3 Rxg5 60. Rb8+ Ke7 61. d4 f6 62. Rb7 fxe5 63. Rxc7+ Kd8 64. Rb7 exd4+
65. Kxd4 Rf5 66. Be4 Rg5 67. Bd5 Kc8 68. Rg7 Rg1 69. Kc5 Rc1+ 70. Kd6 Kb8 71.
Rb7+ Kc8 72. Ra7 Kd8 73. Rh7 Re1 74. Rd7+ Ke8 75. Rg7 Kd8 76. Rxg6 Re3 77. Rg8+
Re8 78. Rg7 Re1 79. Rb7 Rc1 80. Rxb5 Rc3 81. Rb7 Rc1 82. Rd7+ Kc8 83. Rg7 Kb8
84. Rb7+ Kc8 85. Rb3 Kd8 86. Re3 Rd1 87. Re5 Rd3 88. Rh5 Re3 89. Rh7 Re1 90.
Rb7 Rc1 91. Be4 Rd1+ 92. Ke6 Re1 93. Kd6 Rd1+ 94. Bd5 Rc1 95. Rg7 Re1 96. Rd7+
Ke8 97. Ra7 Kf8 98. Rf7+ Ke8 99. Rf3 Kd8 100. Rb3 Rc1 101. Rb7 Rc3 102. Ke5
Re3+ 103. Be4 Re1 104. Rh7 Re2 105. Kd6 Rd2+ 106. Bd5 Re2 107. Rd7+ Ke8 108.
Rb7 Kf8 109. Bc4 Re1 110. Rf7+ Ke8 111. Rh7 Kf8 112. Rf7+ Ke8 113. Rh7 Kd8 114.
Rd7+ Ke8 115. Bd5 Kf8 116. Rf7+ Ke8 117. Rg7 Kd8 118. Rg2 1/2-1/2